| 000 | 00482cam a2200205ua 4500 | ||
|---|---|---|---|
| 001 | 9172 | ||
| 008 | 150223n ii |||gr||||Z||||||eng | ||
| 020 | _a9788190780858 | ||
| 040 | _cMAIN | ||
| 041 | _aeng | ||
| 082 | _a305.3 | ||
| 100 |
_aSaikia, J. P., _eAuthor. |
||
| 245 | 1 |
_aGender : _bThemes & Issues / _cBy Jyoti Prasad Saikia . |
|
| 250 | _a1st. | ||
| 260 |
_aGuwahati: _bNaba, _c2010. |
||
| 300 | _a122p. | ||
| 653 | _aSocial groups | ||
| 653 | _aGender | ||
| 942 | _cBK | ||
| 999 |
_c8242 _d8242 |
||